| 000 | 01067cam a22003378a 4500 | ||
|---|---|---|---|
| 001 | 17476092 | ||
| 003 | OSt | ||
| 005 | 20260415121628.0 | ||
| 008 | 260414s2014 maua b 001 0 eng | ||
| 010 | _a 2012039180 | ||
| 020 | _a9780134255163 | ||
| 035 | _a(DNLM)101592843 | ||
| 040 |
_aDNLM/DLC _cDLC _dDLC |
||
| 042 | _apcc | ||
| 050 | 0 | 0 |
_aRM301 _b.A32 2017 |
| 082 | 0 | 0 |
_a615/.1 _223 |
| 100 | 1 |
_aAdams, Michael, _d1951- |
|
| 245 | 1 | 0 |
_aPharmacology for nurses : _ba pathophysiologic approach / |
| 250 | _a5th ed. | ||
| 260 |
_aBoston : _bPearson, _c2017. |
||
| 300 |
_axxii, 9321 p. : _bcol. ill. ; _c28 cm. |
||
| 504 | _aIncludes bibliographical references and index. | ||
| 650 | 1 | 2 |
_aDrug Therapy _xnursing. |
| 650 | 2 | 2 |
_aPharmacological Phenomena _vNurses' Instruction. |
| 650 | 2 | 2 |
_aPharmacology _vNurses' Instruction. |
| 700 | 1 |
_aHolland, Leland Norman, _d1957- |
|
| 700 | 1 |
_aUrban, Carol Q. _q(Carol Quam) |
|
| 906 |
_a7 _bcbc _corignew _d1 _eecip _f20 _gy-gencatlg |
||
| 942 |
_2lcc _cBK |
||
| 999 |
_c60350 _d60350 |
||